Elements of mechanics / (Record no. 183872)
[ view plain ]
| 000 -LEADER | |
|---|---|
| fixed length control field | 01172 a2200229 4500 |
| 003 - CONTROL NUMBER IDENTIFIER | |
| control field | NUST |
| 005 - DATE AND TIME OF LATEST TRANSACTION | |
| control field | 20221128174133.0 |
| 010 ## - LIBRARY OF CONGRESS CONTROL NUMBER | |
| LC control number | 97006188 |
| 020 ## - INTERNATIONAL STANDARD BOOK NUMBER | |
| International Standard Book Number | 0198518803 (pbk) |
| 020 ## - INTERNATIONAL STANDARD BOOK NUMBER | |
| International Standard Book Number | 0198518811 (hc) |
| 040 ## - CATALOGING SOURCE | |
| Transcribing agency | Nust |
| 082 00 - DEWEY DECIMAL CLASSIFICATION NUMBER | |
| Classification number | 531,WIL |
| 100 1# - MAIN ENTRY--PERSONAL NAME | |
| Personal name | Williams, D. E. G. |
| 9 (RLIN) | 103736 |
| 245 10 - TITLE STATEMENT | |
| Title | Elements of mechanics / |
| Statement of responsibility, etc. | David Williams. |
| 260 ## - PUBLICATION, DISTRIBUTION, ETC. | |
| Place of publication, distribution, etc. | Oxford ; |
| -- | New York : |
| Name of publisher, distributor, etc. | Oxford University Press, |
| Date of publication, distribution, etc. | 1997. |
| 300 ## - PHYSICAL DESCRIPTION | |
| Extent | xvi, 251 p. : |
| Other physical details | ill. ; |
| Dimensions | 25 cm. |
| 505 ## - FORMATTED CONTENTS NOTE | |
| Formatted contents note | Position vector (Page-7), Velocity vectors (Page-18), Acceleration vectors (Page-35), Centers of mass (Page-45), Straight line motion (Page-61), Energy conservation (Page-80), Tensile forces and projectiles (Page-93), Energy dissipation (Page-113), Variable forces (Page-125), Rotational motion (Page-148), Rotational motion angular momentum I (Page-167), Rotational motion angular momentum II (Page-179). |
| 650 #0 - SUBJECT ADDED ENTRY--TOPICAL TERM | |
| Topical term or geographic name entry element | Mechanics, Applied |
| General subdivision | Mathematics. |
| 9 (RLIN) | 103737 |
| 856 42 - ELECTRONIC LOCATION AND ACCESS | |
| Materials specified | Publisher description |
| Uniform Resource Identifier | <a href="http://www.loc.gov/catdir/enhancements/fy0606/97006188-d.html">http://www.loc.gov/catdir/enhancements/fy0606/97006188-d.html</a> |
| 856 42 - ELECTRONIC LOCATION AND ACCESS | |
| Materials specified | Table of contents only |
| Uniform Resource Identifier | <a href="http://www.loc.gov/catdir/enhancements/fy0606/97006188-t.html">http://www.loc.gov/catdir/enhancements/fy0606/97006188-t.html</a> |
| 942 ## - ADDED ENTRY ELEMENTS (KOHA) | |
| Source of classification or shelving scheme | |
| Koha item type | Book |
| Call number prefix | 531,WIL |
| Withdrawn status | Lost status | Source of classification or shelving scheme | Damaged status | Not for loan | Permanent Location | Current Location | Shelving location | Date acquired | Full call number | Barcode | Date last seen | Price effective from | Koha item type | Public note |
|---|---|---|---|---|---|---|---|---|---|---|---|---|---|---|
| Military College of Signals (MCS) | Military College of Signals (MCS) | General Stacks | 12/12/2016 | 531,WIL | MCS31111 | 12/08/2016 | 12/12/2016 | Book | Almirah No.16, Shelf No.2 |
